00738nam a22002057a 450000500170000001000150001702000260003203500140005803700090007208200130008110000240009424500420011825000060016026000410016627001060020730000200031394200240033399900190035795201560037620260212125716.0 aENG-147817 a9789391766801c995.00 aEN-131349 bDBAD a784.221 aHemant Kapil987344 aGreat Indian Musicians/cHemant Kapil a1 aNew DelhibAtharv Publicationsc2026 bNew Delhia110, Ist Floor, Gali No. 4, Harphool Vihar, Bapraulae110043matharvpublications@gmail.com a328p.c22cm(hb) 2ddccENh784.2mHEM c214840d214840 001040708NFICaBL1bBL1d2026-02-12eDelivery of Books Act Divisiong995.00l0o784.2 HEMpEN-131349r2026-02-12 00:00:00t1v995.00w2026-02-12yEN